Paesi per immagini #2 - Statistics

Statistiche generali
  • Questo quiz è stato fatto 2.038 volte
  • Il punteggio medio è 10 su 15
Statistiche sulle risposte
con Immagini Risposta % Corretto
Egitto
99%
Italia
98%
Regno Unito
97%
Peru
89%
Arabia Saudita
80%
Mongolia
79%
Turchia
60%
Iraq
58%
Svizzera
54%
Vietnam
52%
Malesia
48%
Madagascar
47%
Indonesia
44%
Ecuador
29%
Ucraina
26%
Nessun quiz corrispondente trovato
Distribuzione punteggi
Percentuale di utenti per punteggio
Percentile per numero di risposta
I tuoi punteggi nel tempo
Non hai fatto questo quiz